| 000 | 00361nam a2200157Ia 4500 | ||
|---|---|---|---|
| 100 | _aPrasad Ganesh | ||
| 650 | _aAutomobiles | ||
| 942 | _cBK | ||
| 654 | _aProfessional linux deployment | ||
| 245 | _aProfessional Linux Deployment | ||
| 260 |
_bWrox Press Ltd _c2000 |
||
| 082 |
_a005.133'L' _bBAN/ |
||
| 300 | _a653 | ||
| 546 | _aENGLISH | ||
| 999 |
_c28768 _d28768 |
||